Statistics for The Football League Quiz

Click here to take the quiz!

General Stats

  • This quiz has been taken 114,581 times
    (23,589 since last reset)
  • The average score is 59 of 92

Answer Stats

League Team % Correct
Premier LeagueManchester City
98%
Premier LeagueManchester United
98%
Premier LeagueLiverpool
97%
Premier LeagueArsenal
97%
Premier LeagueChelsea
96%
Premier LeagueTottenham Hotspur
93%
Premier LeagueAston Villa
91%
Premier LeagueEverton
91%
Premier LeagueWolverhampton Wanderers
90%
Premier LeagueNewcastle United
90%
Premier LeagueWest Ham United
90%
Premier LeagueLeicester City
89%
Premier LeagueBrighton & Hove Albion
89%
Premier LeagueNorwich City
88%
Premier LeagueSouthampton
88%
Premier LeagueBournemouth
86%
ChampionshipLeeds United
86%
Premier LeagueSheffield United
85%
Premier LeagueCrystal Palace
84%
Premier LeagueBurnley
84%
Premier LeagueWatford
83%
ChampionshipCardiff City
82%
ChampionshipNottingham Forest
80%
League OneSunderland
79%
ChampionshipSwansea City
79%
ChampionshipBirmingham City
78%
ChampionshipSheffield Wednesday
78%
ChampionshipWest Bromwich Albion
77%
ChampionshipFulham
77%
ChampionshipDerby County
76%
League OnePortsmouth
74%
ChampionshipBristol City
72%
League OneBolton Wanderers
71%
ChampionshipQueens Park Rangers
71%
ChampionshipBlackburn Rovers
70%
ChampionshipHull City
69%
ChampionshipStoke City
69%
ChampionshipHuddersfield Town
67%
ChampionshipMiddlesbrough
67%
League OneIpswich Town
66%
ChampionshipWigan Athletic
64%
League OneBlackpool
64%
ChampionshipCharlton Athletic
64%
League OneOxford United
63%
League OneAFC Wimbledon
62%
ChampionshipBarnsley
61%
League OnePlymouth Argyle
61%
ChampionshipLuton Town
60%
ChampionshipMillwall
60%
ChampionshipReading
60%
ChampionshipBrentford
58%
League OneCoventry City
57%
League OneAccrington Stanley
57%
League OneMilton Keynes Dons
57%
ChampionshipPreston North End
57%
League TwoBradford City
56%
League TwoCambridge United
54%
League OneBristol Rovers
53%
League TwoExeter City
53%
League OneTranmere Rovers
52%
League OneBury
52%
League OneLincoln City
50%
League TwoCarlisle United
49%
League TwoOldham Athletic
49%
League TwoNorthampton Town
48%
League OneWycombe Wanderers
48%
League OneDoncaster Rovers
48%
League TwoSwindon Town
47%
League OneGillingham
46%
League TwoColchester United
46%
League TwoSalford City
46%
League OneRotherham United
46%
League OnePeterborough United
45%
League OneSouthend United
44%
League OneBurton Albion
44%
League TwoNewport County
44%
League TwoMacclesfield Town
43%
League TwoLeyton Orient
43%
League TwoForest Green Rovers
43%
League TwoCrewe Alexandra
43%
League TwoGrimsby Town
41%
League OneRochdale
41%
League TwoPort Vale
41%
League TwoMansfield Town
41%
League OneFleetwood Town
40%
League OneShrewsbury Town
39%
League TwoWalsall
39%
League TwoScunthorpe United
39%
League TwoCheltenham Town
37%
League TwoMorecambe
34%
League TwoCrawley Town
34%
League TwoStevenage
34%

Score Distribution

Percentile by Number Answered

Percent of People with Each Score

Your Score History

You have not taken this quiz since the last reset